Kirjaimella B alkavien valtioiden liput - Statistics

Yleistilastot
  • Tätä visaa on pelattu 50 kertaa
  • Keskiarvotulos 12 / 16
Vastaustilastot
Kuvavisa Vastaus % Oikein
Brasilia
100%
Belgia
90%
Bosnia ja Hertsegovina
85%
Bulgaria
85%
Bangladesh
83%
Bhutan
83%
Barbados
78%
Botswana
78%
Bahama
73%
Bahrain
73%
Bolivia
73%
Brunei
68%
Benin
66%
Burundi
61%
Burkina Faso
59%
Belize
51%
Ehtoja vastaavia visoja ei löytynyt
Tulosjakauma
Jokaisen tuloksen saaneiden osuus
Persentiili vastausten määrän mukaan
Tuloshistoriasi
Et ole pelannut tätä visaa